| 000 | 01251pam a2200373 a 4500 | ||
|---|---|---|---|
| 001 | 6235 | ||
| 003 | FISKH | ||
| 005 | 20250403104928.0 | ||
| 008 | 931215s1994 nyua j 000 1 eng | ||
| 010 | _a 93049397 | ||
| 020 | _a053106851X | ||
| 020 | _a9780439551915 | ||
| 020 | _a0531087018 (lib. bdg.) | ||
| 040 |
_aDLC _cDLC _dDLC _beng |
||
| 050 | _aPZ7.L5215 W | ||
| 082 | _a813.5 | ||
| 100 | 1 |
_aLe Guin, Ursula K., _d1929-2018. |
|
| 245 | 1 | 0 |
_aWonderful Alexander and the Catwings / _cUrsula K. Le Guin ; illustrations by S.D. Schindler. |
| 250 | _aThis Orchard paperback edition, October 2006 | ||
| 260 |
_aNew York : _bOrchard Books, _c1994. |
||
| 300 |
_a48 pages : _bcolor illustrations ; _c18 cm |
||
| 500 | _a"A Richard Jackson book"--Half t.p. | ||
| 505 | _aO | ||
| 520 | _aAfter being rescued by a flying cat, Alexander the cat decides to make good on a promise to do wonderful things. | ||
| 521 | 8 |
_a620
_bLexile |
|
| 521 | 8 |
_aO
_bRaz-Plus |
|
| 650 | 1 |
_aCats _vFiction. |
|
| 655 | 7 |
_aFantasy fiction. _2lcgft |
|
| 655 | 7 |
_aAction and adventure fiction. _2lcgft |
|
| 700 | 1 |
_aSchindler, S. D., _eillustrator. |
|
| 906 |
_a7 _bcbc _corignew _d1 _eocip _f19 _gy-gencatlg |
||
| 942 |
_2ddc _cBK _n0 |
||
| 999 |
_c6235 _d6235 |
||